Super Bowl Losers - Statistics

General Stats
  • This quiz has been taken 52 times
    38 since last reset
  • The average score is 52 of 58
Answer Stats
Hint Answer % Correct
I Kansas City Chiefs
97%
LV Kansas City Chiefs
97%
LIX Kansas City Chiefs
97%
XIV Los Angeles Rams
97%
LIII Los Angeles Rams
97%
XXXVI St. Louis Rams
97%
XXV Buffalo Bills
94%
XXVI Buffalo Bills
94%
XXVII Buffalo Bills
94%
XXVIII Buffalo Bills
94%
XXXII Green Bay Packers
94%
XX New England Patriots
94%
XXXI New England Patriots
94%
XLII New England Patriots
94%
LII New England Patriots
94%
II Oakland Raiders
94%
XXXVII Oakland Raiders
94%
III Baltimore Colts
91%
XLI Chicago Bears
91%
V Dallas Cowboys
91%
X Dallas Cowboys
91%
XIII Dallas Cowboys
91%
XLV Indianapolis Colts
91%
VI Miami Dolphins
91%
XVII Miami Dolphins
91%
XIX Miami Dolphins
91%
XXXV New York Giants
91%
XXX Pittsburgh Steelers
91%
XLVI Pittsburgh Steelers
91%
XLVII San Francisco 49ers
91%
LIV San Francisco 49ers
91%
LVIII San Francisco 49ers
91%
XL Seattle Seahawks
91%
XLIX Seattle Seahawks
91%
XII Denver Broncos
88%
XXI Denver Broncos
88%
XXII Denver Broncos
88%
XXIV Denver Broncos
88%
XLVIII Denver Broncos
88%
XV Philadelphia Eagles
88%
XXXIX Philadelphia Eagles
88%
LVII Philadelphia Eagles
88%
XXXIV Tennessee Titans
88%
XVI Cincinnati Bengals
85%
XXIII Cincinnati Bengals
85%
LVI Cincinnati Bengals
85%
XXXIII Atlanta Falcons
82%
LI Atlanta Falcons
82%
XXXVIII Carolina Panthers
82%
50 Carolina Panthers
82%
XLIV Arizona Cardinals
79%
XXIX San Diego Chargers
79%
VII Washington Redskins
79%
XVIII Washington Redskins
79%
IV Minnesota Vikings
76%
VIII Minnesota Vikings
76%
IX Minnesota Vikings
76%
XI Minnesota Vikings
76%
No matching quizzes found
Score Distribution
Percent of People with Each Score
Percentile by Number Answered
Your Score History
You have not taken this quiz since the last reset